Past Moldovas - Statistics

General Stats
  • This quiz has been taken 10 times
  • The average score is 2 of 6
Answer Stats
Hint Answer % Correct
1991-Present Republic of Moldova
89%
1940-1991 Moldovan Soviet Socialist Republic
78%
1346-1859 Principality of Moldavia
33%
1924-1940 Moldovan Autonomous Soviet Socialist Republic
11%
1873-1918 Bessarabia Governorate
0%
1919-1925 Chişinau
0%
No matching quizzes found
Score Distribution
Percent of People with Each Score
Percentile by Number Answered
Your Score History
You have not taken this quiz